00198nam a2200085Ia 450000500170000000800410001724500290005826000080008799900170009520250523155752.0250523s9999 xx 000 0 und d 0aKAPLUMBAĞAcROALD DAHL bCAN c12078d12078